|
|
|
|
| LEADER |
01142njm a2200373 a 4500 |
| 001 |
000266041 |
| 003 |
CZ BrMZK |
| 005 |
19950101143423.0 |
| 008 |
950101s1992 xr f cze d |
| 028 |
0 |
3 |
|a 01 0079-1 331
|b Monitor Records
|
| 040 |
|
|
|a BOA001
|b cze
|
| 080 |
|
|
|a 784.4.03"199"(086.7)
|2 MRF
|
| 110 |
2 |
|
|a Arakain (hudební skupina)
|7 kn20010709235
|4 prf
|
| 245 |
1 |
0 |
|a Arakain
|h [zvukový záznam] /
|c Arakain.
|
| 246 |
1 |
3 |
|a Black Jack
|
| 246 |
3 |
3 |
|a Black Jack
|
| 246 |
3 |
3 |
|a Don Quijote
|
| 246 |
3 |
3 |
|a Harlekýn
|
| 246 |
3 |
3 |
|a High attack
|
| 246 |
3 |
3 |
|a Kolonie termitů
|
| 246 |
3 |
3 |
|a Labyrint
|
| 246 |
3 |
3 |
|a Ty se nezdáš
|
| 246 |
3 |
3 |
|a Ukolébavka
|
| 246 |
3 |
|
|a Zapomeň
|
| 260 |
|
|
|a Praha :
|b Monitor Records,
|c p1992
|
| 300 |
|
|
|a 1 LP deska :
|b stereo ;
|c 30 cm
|
| 500 |
|
|
|a Nahr. 1992
|
| 500 |
|
|
|a Durata neuv
|
| 505 |
2 |
|
|a Black Jack, Don Quijote, Harlekýn ... [et al.]
|
| 653 |
0 |
|
|a heavy metal
|a rocková hudba
|
| 910 |
|
|
|a BOA001
|b LP-0001.160
|
| 964 |
|
|
|a Hudba rocková
|z stol.20.,léta 90.
|x LP
|
| 990 |
|
|
|a AV
|
| 996 |
6 |
|
|b 261H001187
|c LP-0001.160
|l MZK
|r Sklad / do 24 hodin
|n 0
|w 000266041
|u 000010
|a 1
|e BOA001
|j MZK50
|s P
|